000 00310nam a2200121Ia 4500
008 240624s9999 xx 000 0 und d
041 _aeng
082 _a330 HER
100 _aHERRLE PETER
245 _aSOCIALLY INCLUSIVE CITIES EMERGING CONCE
260 _c2005
_aLondon
_bTransaction Publishers
365 _cRS
999 _c15910
_d15910